000 00567nam a2200205Ia 4500
003 LK-CoDNM
005 20241204144931.0
008 010623t1986 xxu||||| |||| 00| 1 sin d
040 _aLK-CoDNM
_dLK-CoDNM
_eLK-CoDNM
041 _asin
080 _a(x)294.3:726.1
_bPAL
100 _aPalihapitiya, Ranjith Amarakeerti
245 _aඓතිහාසික බෙල්ලන්විල
246 _aEtihaseka Bellanwila
260 _bPrabuddha
_aBoralasgamuwa
_c1986
300 _b80p. : ill ; 21 cm
650 _aBuddhism
650 _a1986
942 _cBK
999 _c113268
_d113268